[Event "Olympiad-42"]
[Site "Baku"]
[Date "2016.09.08"]
[Round "6.1"]
[White "Volodin, Aleksandr"]
[Black "Zhang, Zhong"]
[Result "0-1"]
[WhiteElo "2473"]
[BlackElo "2637"]
[Annotator "Ftacnik,L"]
[PlyCount "76"]
[EventDate "2016.09.02"]
[EventType "team-swiss"]
[EventRounds "11"]
[EventCountry "AZE"]
[SourceTitle "CBM 175"]
[Source "ChessBase"]
[SourceDate "2016.11.10"]
[SourceVersion "1"]
[SourceVersionDate "2016.11.10"]
[SourceQuality "1"]
[WhiteTeam "Estonia"]
[BlackTeam "Singapore"]
[WhiteTeamCountry "EST"]
[BlackTeamCountry "SIN"]

1. d4 d6 2. e4 Nf6 3. Nc3 c6 4. Nf3 Qa5 5. Bd2 Qc7 {Zhang is happy to have
misplaced a white bishop to a small degree; the queen will support the
counterplay against White's centre.} (5... e5 6. dxe5 dxe5 7. Nd5 Qd8 8. Nxf6+
Qxf6 9. Bc4 (9. Bg5 Qd6 10. Bc4 f6 11. Qxd6 Bxd6 12. O-O-O Bc7 13. Be3 Nd7 {
1/2-1/2 (13) Llaneza Vega,M (2521)-Galego,L (2435) San Sebastian 2009}) 9...
Bg4 10. h3 Bxf3 11. Qxf3 Qxf3 12. gxf3 Bd6 13. Rg1 g6 14. O-O-O f6 15. h4 Ke7
16. h5 g5 17. Bxg5 fxg5 18. Rxg5 b5 19. Rg7+ Ke8 20. Bf7+ Kf8 21. h6 Be7 22.
Bh5 {1-0 (22) Zambrana,O (2473)-Galego,L (2515) Ayamonte 2004}) (5... Nbd7 6.
Bc4 Qc7 7. a4 h6 8. O-O e5 9. h3 Be7 10. Qe2 a5 11. Rad1 Nf8 12. dxe5 dxe5 13.
Nh4 Ne6 14. Nf5 O-O 15. Be3 Kh7 16. Qf3 Ng8 17. Nxe7 Nxe7 18. Rd2 Ng6 19. Rfd1
Qe7 20. Kh2 Nef4 21. g3 $14 {1-0 (52) Zubarev,A (2508)-Ivanov,A (2426) Kharkov
2006}) (5... Bg4 6. h3 (6. Nd5 Qd8 7. Nxf6+ exf6 8. h3 Bc8 9. Bd3 Be7 10. O-O
O-O 11. c3 Nd7 12. Nh2 Re8 13. Ng4 Qb6 14. Ne3 Qc7 15. f4 Bf8 16. Qf3 Nb6 17.
a4 a5 18. c4 Nd7 19. Bc3 b6 20. h4 Ba6 21. h5 Qb7 22. e5 $16 {1-0 (45)
Stukopin,A (2595)-Young,A (2300) Chicago 2016}) 6... Bxf3 7. Qxf3 Qb6 8. e5
Nfd7 9. exd6 e6 10. Ne4 Qxb2 11. Bc3 Qa3 12. Rb1 Qxa2 13. Rxb7 Qd5 14. Bd3 a5
15. Rc7 Kd8 16. O-O Bxd6 17. Bc4 Qxc4 18. Rc8+ Ke7 19. Rxh8 Bb4 20. Bxb4+ axb4
21. Re8+ $1 $18 {1-0 (21) Zubarev,A (2505)-Ivanov,A (2414) Kharkov 2005}) 6.
Bc4 (6. a4 e5 7. h3 Be7 8. Bc4 O-O 9. O-O Nbd7 10. Ba2 b6 11. Re1 a6 12. dxe5
dxe5 13. Nh4 Nc5 14. Nf5 Ne6 15. Qf3 Re8 16. Be3 Bf8 17. Red1 Kh8 18. Rd2 Bb7
19. Rad1 Rad8 20. Qg3 $11 {1-0 (38) Panbukchian,V (2295)-Radulov,I (2435)
Sofia 1989}) 6... Bg4 (6... b5 7. Bd3 e5 8. dxe5 dxe5 9. a4 b4 10. Ne2 a5 11.
Ng3 Nbd7 12. Qe2 g6 13. O-O h5 14. Bg5 Nh7 15. Be3 Be7 16. Nd2 h4 17. Nh1 Nhf6
18. Nc4 Nh5 19. g4 Nf4 20. Bxf4 exf4 21. e5 Nc5 $17 {0-1 (42) Naroditsky,D 
(2313)-Young,A (2367) ICC INT 2008}) 7. O-O e5 8. Be3 Be7 9. h3 {The ideal
setup of pawns in front of the kingside castled position is clearly f2, g2, h2,
but the pin along the d1-h5 diagonal is simply irritating.} Bh5 10. a3 Nbd7 11.
Re1 g5 $5 {[%mdl 128] Black is applying the shock method that is well grounded
in the tactical content of this dynamic position.} (11... exd4 12. Bxd4 Ne5 13.
Be2 $11) 12. g4 (12. Bxg5 exd4 13. Na2 (13. Qxd4 Bxf3 14. gxf3 Rg8 15. f4 h6
$17) 13... Rg8 14. Bf4 Ne5 15. Be2 Qd7 16. Bg3 Bxf3 17. Bxf3 O-O-O $13) 12...
Bg6 13. Bxg5 {It might have been safer to capture the g5-pawn with the knight,
but the text move is perfectly playable as well.} (13. Nxg5 h5 14. d5 hxg4 15.
hxg4 Nb6 $11) 13... h5 14. Nh4 $2 {Volodin is afraid of the position and hopes
to limit the damage with the help of the exchange of the g6-bishop. The main
flaw of the idea is the loss of central control and a serious weakening of the
dark squares.} (14. dxe5 Nxe5 (14... dxe5 15. Bxf6 Nxf6 16. g5 Nd7 17. h4 $11)
15. Nxe5 dxe5 16. Kg2 Rd8 17. Qf3 hxg4 18. hxg4 Nxg4 19. Qxg4 Bh5 20. Qh3 (20.
Qg3 Rg8 $17) 20... Rg8 $15) (14. Bxf6 Bxf6 15. g5 exd4 16. Ne2 Bg7 17. Nf4 Ne5
18. Bb3 $11) 14... Rg8 (14... hxg4 15. d5 (15. hxg4 exd4 16. Qxd4 Ne5 17. Be2
Nfxg4 $19) (15. Nxg6 fxg6 16. Re3 gxh3 17. Be6 $15) 15... Bh5 16. Nf5 gxh3 17.
Ng7+ Kf8 18. Nxh5 Rxh5 $15) (14... exd4 15. Qxd4 hxg4 16. Nxg6 fxg6 17. Re3
gxh3 18. Rg3 $13) 15. Kf1 (15. Bxf6 Bxf6 16. Nxg6 Rxg6 17. d5 hxg4 18. hxg4 Bh4
19. Re3 Nf6 20. Be2 Ke7 $17) 15... hxg4 16. hxg4 Bh7 17. Bxf6 $6 {The position
was already rather critical so it is not surprising, that White is at a loss
when looking for the best way out.} (17. f4 exf4 18. Bxf4 Rxg4 19. Ng2 O-O-O
20. Bxf7 Bg8 21. Bh5 Bc4+ 22. Kf2 Rgg8 23. Bf3 Ne5 $19) (17. Nf3 exd4 18. Qxd4
Ne5 19. Nxe5 dxe5 20. Qd2 Rd8 21. Qe3 Nxg4 22. Qh3 Bxg5 23. Qxh7 Kf8 $17) 17...
Nxf6 18. dxe5 (18. Be2 d5 $1 19. exd5 e4 $19) 18... dxe5 $2 {From the safety
of home analysis it is difficult to find a sensible justification for this
strange decision. Black was hoping to shatter White's kingside, but fails to
bite the bullet at the fateful moment.} (18... Nxg4 $1 19. Ng2 (19. exd6 Qb6
$19) 19... Nxe5 20. Bb3 O-O-O $19) 19. Qf3 (19. Nf5 Nxg4 $17) 19... b5 20. Bb3
Rxg4 21. Nf5 $2 {It is never a very happy moment when somebody manages to lose
the fight for the second time in one game. Volodin must have missed some
detail, as Black will now act brutally with great confidence.} (21. Qh3 $1 Rd8
22. Rad1 $13) 21... Rf4 $1 22. Qh3 Bc5 23. Re2 (23. Ne3 Qd7 $17) 23... Bxf5 24.
exf5 (24. Qh8+ Ke7 25. Qxa8 Bh3+ 26. Ke1 Rg4 $19 (26... Bc8 $19)) 24... O-O-O
$1 {The difference in the fate of both kings is striking. In the position with
opposite-coloured bishops it is imperative to fight for the initiative and the
attacking chances, all of which belong to Black!} 25. Rd1 (25. Rae1 e4 $19)
25... Ng4 26. Rxd8+ (26. f3 e4 $1 27. Rxe4 (27. Rxd8+ Qxd8 28. Rxe4 Qd2 $19)
27... Rxe4 28. fxe4 Qf4+) 26... Qxd8 27. Bxf7 Nxf2 28. Qh6 Kb7 $1 {Zhang is a
coach in Singapore, but he used to be one of the best Chinese players. At this
moment he clearly demonstrates that he has not lost the finer skills of the
craftsman he was.} (28... Ng4+ $2 29. Qxf4 exf4 30. Re8 f3 31. Ne4 $11) (28...
Kc7 29. Nd5+ cxd5 30. Rxe5 Nd3+ 31. Ke2 Bf8 32. Qe6 Nc5 33. Qg6 Qh4 $19) 29.
Ke1 (29. Rxe5 Qd2 $1 $19) 29... Ng4 30. Qh7 Qd4 {All Black's pieces are on
attacking squares, White must be very careful.} 31. Be8+ Kb8 32. Qh1 Ne3 $1 33.
Rd2 Rf1+ 34. Qxf1 Qh4+ 35. Ke2 (35. Qf2 Ng2+ 36. Kf1 Bxf2 37. Rxf2 Qh1+ 38. Ke2
Qe1+ 39. Kf3 Nh4+ 40. Kg3 Nxf5+ 41. Kg2 Nh4+ 42. Kg3 Qe3+ $19) 35... Nxf1 36.
Kxf1 Qh1+ {White would dearly love to resist, but the position leads to a
forced mate.} 37. Ke2 Qg2+ 38. Ke1 Qg1+ 0-1

[Event "Copenhagen Open-02 (Politiken Cup-01)"]
[Site "Copenhagen"]
[Date "1980.07.01"]
[Round "8"]
[White "Smyslov, Vassily V"]
[Black "Mestel, A Jonathan"]
[Result "1-0"]
[WhiteElo "2550"]
[BlackElo "2450"]
[Annotator "Ftacnik,L"]
[PlyCount "123"]
[EventDate "1980.06.23"]
[EventType "swiss"]
[EventRounds "10"]
[EventCountry "DEN"]
[SourceTitle "EXT 2000"]
[Source "ChessBase"]
[SourceDate "1999.11.16"]
[SourceVersion "1"]
[SourceVersionDate "1999.11.16"]
[SourceQuality "1"]

1. Nf3 Nf6 2. g3 g6 3. Bg2 Bg7 4. O-O O-O 5. d4 d6 6. Nc3 Nbd7 7. a4 a5 8. e4
e5 9. dxe5 dxe5 10. b3 Re8 11. Ba3 b6 12. Qd2 Ba6 13. Rfe1 Bf8 14. Bxf8 Nxf8
15. Rad1 Qxd2 16. Rxd2 Kg7 17. Bf1 Bxf1 18. Kxf1 N6d7 19. Nb5 Rac8 20. Nh4 Nc5
21. f3 Nfe6 22. Red1 Nb7 23. Kf2 Rcd8 24. Ke3 Rxd2 25. Rxd2 Rd8 26. Rxd8 Nbxd8
27. f4 $1 Nc6 28. Nf3 Kf6 29. c3 h6 30. h3 $1 exf4+ (30... h5 31. h4 $1) 31.
gxf4 Nb8 32. Nh2 h5 33. Nf3 Na6 34. h4 Nac5 35. Nd2 Ke7 $2 (35... Na6 $142) 36.
f5 gxf5 37. exf5 Ng7 38. Kf4 Kf6 39. Nxc7 Nxf5 40. Nd5+ Ke6 41. Nxb6 Nxh4 42.
Nbc4 Kf6 43. Nxa5 Ng6+ 44. Ke3 Ne5 45. Kd4 Ne6+ 46. Kd5 Nf4+ 47. Kd6 h4 48. Nc6
Ng4 49. a5 h3 50. Nf1 Nf2 51. c4 Ne4+ 52. Kc7 Ne6+ (52... Nd2 53. Nxd2 h2 54.
Ne4+) 53. Kb6 N6c5 54. b4 Nd2 55. Nh2 Na4+ 56. Kb5 Nc3+ 57. Kc5 Ke6 58. b5
Nce4+ 59. Kb4 Kd6 60. a6 Kc7 61. c5 Nb3 62. Nd8 $1 (62. Nd8 $1 Kb8 63. c6 Nbc5
64. c7+) (62. Kxb3 $4 Nxc5+ {/\ Nxa6}) 1-0

[Event "Dos Hermanas"]
[Site "Dos Hermanas"]
[Date "1994.??.??"]
[Round "6"]
[White "Karpov, Anatoly"]
[Black "Polgar, Judit"]
[Result "1-0"]
[WhiteElo "2740"]
[BlackElo "2630"]
[Annotator "Ftacnik,L"]
[PlyCount "83"]
[EventDate "1994.04.??"]
[EventType "tourn"]
[EventRounds "9"]
[EventCountry "ESP"]
[EventCategory "16"]
[SourceTitle "CBM 041"]
[Source "ChessBase"]
[SourceDate "1994.08.01"]
[SourceVersion "1"]
[SourceVersionDate "1994.08.01"]
[SourceQuality "1"]

1. e4 {Blatny,P} c5 2. c3 d6 3. d4 Nf6 4. Bd3 Qc7 (4... g6 5. dxc5 (5. h3 {
Blatny,P} Bg7 6. Nf3 O-O 7. O-O $14) 5... dxc5 6. e5 Nd5 7. Be4 Nb6 8. Qxd8+
Kxd8 9. Na3 $14 {Lautier,J-Polgar,J/Dos Hermanas (03)/1994/0,5 (47)}) 5. Nf3 g6
(5... Bg4 {Blatny,P} 6. Bg5 $14 (6. h3 $6 Bxf3 7. Qxf3 $2 (7. gxf3) 7... cxd4
$17 {ץc1})) 6. O-O (6. h3 {Blatny,P /\Bf4}) 6... Bg7 7. Re1 (7. Bf4 {Blatny,P}
O-O 8. e5 (8. Nbd2 {Blatny,P} Nh5 $5 9. Bg5 Nc6 $10) 8... dxe5 9. Nxe5 (9. Bxe5
$14) 9... Nh5 $132) 7... O-O 8. Bf4 (8. a4 cxd4 9. cxd4 Nc6 {xb4}) 8... Nbd7 9.
Nbd2 e5 (9... b6 {Blatny,P} 10. e5 $36 {/^e4-a8}) 10. dxe5 dxe5 11. Bg3 Nh5 (
11... b6 {Blatny,P} 12. Nc4 Nh5 $10) 12. a4 $1 (12. Bh4 {Blatny,P} Nf4 $13)
12... b6 (12... a6 $6 13. a5) 13. a5 bxa5 $6 (13... Bb7 14. axb6 axb6 15. Rxa8
Rxa8 16. Qb3 $14) 14. Qa4 Nb6 15. Qxa5 Bg4 (15... Nxg3 16. hxg3 f5 $6 17. Bc4+
Kh8 18. Ng5 Qe7 19. Nf7+ Rxf7 20. Bxf7 Qxf7 21. Qxb6 axb6 22. Rxa8 Qb7 23. Rea1
Bf8 24. exf5 gxf5 25. Nc4 Kg8 26. R1a7 Qc6 27. Nxe5 Qe6 28. Rc7 $16) (15... Bb7
$14) 16. Be2 Rfd8 17. Nc4 $1 Nf4 (17... Nxg3 18. hxg3 $14) (17... f6 {/^ a2-g8}
) 18. Bxf4 exf4 19. e5 $1 (19. h3 Bxf3 20. Bxf3 Be5 $1) 19... h6 (19... Be6 20.
Nd6 Bxe5 21. Nb5 Qb8 22. Nxe5 Qxe5 23. Bf3 $1 $16) 20. Nd6 Rd7 (20... Bxe5 $2
21. Nb5 Qb8 22. Nxe5 $18) 21. h3 Be6 22. Ne4 $1 Bd5 (22... Rc8 23. Ba6 Nc4 24.
Bxc4 Bxc4 25. Nd6 $16) (22... c4 $6 $16) 23. Nxc5 Re7 24. Na6 $1 Qb7 25. Nb4
Bc4 (25... Be4 $2 26. Ba6 $18) 26. Bd1 $1 Rc8 (26... Rae8 27. Bc2 {/\ Be4}) 27.
Nd4 Nd7 28. Bf3 Qc7 29. Nbc6 $18 Nxe5 (29... Ree8 30. Qb4 Be6 31. Rxa7 $18) 30.
Nxe7+ Qxe7 31. Qxa7 Rc7 32. Qb8+ Kh7 33. Be4 $1 {/\ Nf5!} Qd7 34. Nf3 Nc6 35.
Bxc6 Qxc6 36. Ra8 h5 37. Re8 $1 g5 38. Ne5 (38. Nxg5+ $18) 38... Bxe5 39. Rxe5
f6 40. Ra7 Rxa7 41. Qxa7+ Kg6 42. Re7 1-0

[Event "Dos Hermanas"]
[Site "Dos Hermanas"]
[Date "1993.??.??"]
[Round "5"]
[White "Polgar, Judit"]
[Black "Rivas Pastor, Manuel"]
[Result "1-0"]
[WhiteElo "2595"]
[BlackElo "2515"]
[Annotator "Ftacnik,L"]
[PlyCount "29"]
[EventDate "1993.04.??"]
[EventType "tourn"]
[EventRounds "9"]
[EventCountry "ESP"]
[EventCategory "14"]
[SourceTitle "CBM 036"]
[Source "ChessBase"]
[SourceDate "1993.10.01"]
[SourceVersion "1"]
[SourceVersionDate "1993.10.01"]
[SourceQuality "1"]

1. e4 d6 2. d4 Nf6 3. Nc3 Nbd7 $5 4. f4 e5 5. Nf3 exd4 6. Qxd4 c6 7. Be3 (7. e5
dxe5 8. fxe5 Bc5 9. Qh4 Qe7 10. Bf4 Bb4 $10 {Yudasin,L-Polgar,J/Dos Hermanas/
1993/}) 7... d5 $5 8. exd5 (8. e5 Ng4 9. Bg1 Nh6 10. O-O-O Nc5 11. Qd2 b5 12.
Ng5 Rb8 13. Bxc5 Bxc5 14. Nce4 Be7 15. Qc3 Rb6 16. Nd6+ Bxd6 17. exd6 O-O 18.
Bd3 $13 {Schafer-Buecker/France/1991/}) 8... Bc5 9. Qd3 (9. Qd2 Qe7 10. Nd4 Ng4
11. Nd1 Nxe3 12. Nxe3 Qe4 13. O-O-O Qxf4 14. Bc4 $13) 9... Qe7 10. Nd4 Nb6 11.
dxc6 O-O $2 (11... bxc6 $5 12. Be2 (12. O-O-O $6 Ba6 $1 13. Qd2 Bxf1 14. Rhxf1
Nc4 15. Qd3 Qxe3+ 16. Qxe3+ Nxe3 17. Rfe1 O-O-O $19) (12. Rd1 Nbd5 (12... Ba6
13. Nxc6 Qc7 14. Qd2 Qxc6 15. Bxc5 Qxc5 16. Bxa6) 13. Nxc6 $1) 12... Ba6 (12...
Nbd5 13. Nxd5 Nxd5 14. Bd2 $13) 13. Qd2 Bxe2 (13... Nbd5 14. Nxd5 (14. Nf5 Bxe3
15. Nxe7 Bxd2+ 16. Kxd2 Nxc3 $1 $19) 14... Nxd5 15. Nf5 Bxe3 16. Nxe7 Bxd2+ 17.
Kxd2 Kxe7 18. Bxa6 Nxf4 19. Rae1+ $14) 14. Qxe2) 12. O-O-O bxc6 13. Bg1 $1 Qc7
14. g3 Rd8 $4 (14... Re8) 15. Ndb5 $1 (15. Ndb5 $1 Rxd3 16. Nxc7 Rxd1+ 17. Nxd1
Bxg1 18. Nxa8 $18) 1-0

[Event "EU-Cup 32nd"]
[Site "Novi Sad"]
[Date "2016.11.12"]
[Round "7.3"]
[White "Nevednichy, Vladislav"]
[Black "Vajda, Levente"]
[Result "1-0"]
[WhiteElo "2541"]
[BlackElo "2597"]
[Annotator "Ftacnik,L"]
[PlyCount "107"]
[EventDate "2016.11.06"]
[EventType "team-swiss"]
[EventRounds "7"]
[EventCountry "SRB"]
[SourceTitle "CBM 176"]
[Source "ChessBase"]
[SourceDate "2017.01.17"]
[SourceVersion "1"]
[SourceVersionDate "2017.01.17"]
[SourceQuality "1"]
[WhiteTeam "Timisoara Luxten"]
[BlackTeam "Baia Mare"]
[WhiteTeamCountry "ROU"]
[BlackTeamCountry "ROU"]

1. e4 d6 2. d4 e5 3. dxe5 dxe5 4. Qxd8+ Kxd8 5. Bc4 f6 {This move may not seem
very pleasant for Black, but it is definitely more promising than alternatives.
White is not able to benefit from temporarily weak light squares in enemy camp.
} (5... Be6) (5... Ke8) 6. Nc3 Nd7 7. Be3 c6 8. a4 {The a-pawn advance does
not seem to pose special problems for the defender. Moves that develop pieces
should be preferred in the future.} (8. O-O-O Ke8 (8... Kc7 9. f4 Bd6 10. f5
Ne7 11. Nge2 Rd8 12. g4 Nb6 13. Bb3 Bd7 14. Ng3 Be8 15. Nh5 Bxh5 16. gxh5 g5
17. fxg6 hxg6 18. Rhf1 Nd7 19. Be6 gxh5 20. Bxd7 Rxd7 21. Rxf6 {1-0 (40)
Gurgenidze,B (2375)-Hoffmann,W Bad Liebenzell 1995}) 9. Kb1 Nc5 10. b4 Ne6 11.
b5 Nh6 12. f3 Bc5 13. Bxc5 Nxc5 14. Nge2 Ke7 15. Nc1 Bd7 16. Nb3 Nxb3 17. axb3
Rhd8 18. bxc6 Bxc6 19. Nd5+ Bxd5 20. Bxd5 $14 {1-0 (47) Pribyl,J (2450)-Mozes,
E (2340) Berlin West 1987}) 8... Bc5 9. a5 (9. Ke2 Kc7 10. Rd1 b6 11. Nf3 Ne7
12. Ne1 a6 13. Be6 Bxe3 14. Kxe3 Nc5 15. Bxc8 Nxc8 16. Nd3 Nd6 17. b3 Ne6 18.
Rd2 a5 19. Rhd1 Rhd8 20. f3 Rd7 21. Ne2 Rad8 $11 {1/2-1/2 (50) Gyimesi,Z (2571)
-Georgiev,K (2676) Ohrid 2001}) (9. Bxc5 Nxc5 10. Nge2 (10. O-O-O+ Kc7 11. Nge2
Be6 12. Bxe6 Nxe6 13. Rd2 Ne7 14. Rhd1 Rhd8 15. Rxd8 Rxd8 16. Rxd8 Kxd8 17. Kd2
Kc7 18. f3 a5 19. b3 Kb6 20. Nd1 Kc5 21. c3 b5 $11 {1/2-1/2 (33) Velcheva,M 
(2254)-Voiska,M (2332) Sunny Beach 2009}) 10... a5 11. f3 Kc7 12. Kf2 Ne7 13.
Rhd1 Rf8 14. Rd2 f5 15. Ng3 f4 16. Nge2 Be6 17. Bxe6 Nxe6 18. Rad1 Rad8 19.
Rxd8 Nxd8 20. Nc1 Ne6 21. Nd3 Ng6 $11 {1-0 (55) Mazzini,M-Lampic,T (2295)
Italy 1998}) 9... Bxe3 10. fxe3 Nc5 11. b4 Be6 12. Bd3 {The opening advantage
is elusive, White is not able to present the opponent with any real challenge
even with the most clever moves.} (12. Bd5 $5 cxd5 13. exd5 Rc8 14. dxe6 Nxe6
15. Nge2 Nh6 $11) (12. Be2 Nd7 13. Nf3 Nh6 14. O-O $11) 12... Nxd3+ 13. cxd3
Ne7 14. Nf3 Kc7 15. Ke2 Rad8 16. Na4 {Nevednichy is hoping to get more than
what can be achieved with the logical advance of the b-pawn.} (16. Rhb1 Rhe8
17. b5 $5 cxb5 18. Rxb5 a6 19. Rc5+ Kb8 $11) 16... Nc8 17. Nc5 Rhe8 18. Rhc1
Nd6 19. h3 (19. Nxe6+ Rxe6 20. a6 b6 21. Rc2 $11) 19... Bc8 20. Na4 Re7 21. Nd2
Be6 22. Nc5 Bf7 23. Nb1 $6 {In a position with slow play White believes, that
he can afford to invest time in unusual manoeuvres. He might be right, but the
advantage remains elusive.} (23. Nf3 Nb5 24. Nh4 $11) 23... Kb8 24. Nc3 (24.
Nd2 h5 $11) 24... b6 $1 {Vajda feels, that it is time to show some teeth. The
position remains equal, but Black can hope to get the upper hand if the
opponent loses objectivity.} 25. N5a4 Kb7 26. Ra3 Red7 27. axb6 (27. Rca1 Nc8
28. axb6 axb6 29. Nb2 $11) 27... axb6 28. Rca1 Nc8 29. Nb1 $6 {The knight
seems to be attracted to the b1-square, but the benefit for White is simply
absent.} (29. Nb2 $11) 29... Kb8 30. Nd2 Ra7 31. Nf3 (31. Nc3 Rxa3 32. Rxa3 Nd6
$15) 31... Kc7 32. Nc3 Rxa3 33. Rxa3 Kb7 34. Ra1 Nd6 35. g4 {Despite all the
commotion on the queenside the position remains equal. White must be careful
about his ambition to advance the d-pawn.} (35. d4 Bc4+ $5 36. Kf2 Re8 37. dxe5
fxe5 $15) 35... Be6 (35... h5 36. Nh4 hxg4 37. hxg4 Be6 38. Rg1 $11) 36. Nh4 (
36. g5 Rd7 37. h4 Bf7 38. gxf6 gxf6 39. Rg1 $11) 36... h5 {The battle has
shifted to the kingside, but the evaluation is still pointing towards equality.
} (36... Bb3 37. Rc1 Rd7 38. Nf3 $11) 37. Nf5 hxg4 38. hxg4 Nc8 39. Rg1 g6 40.
Nh4 Rh8 41. Nf3 {With the first move after time control Nevednichy shows his
ambition to try for more.} (41. Nxg6 Rg8 42. Nh4 Rxg4 $11) 41... g5 42. d4 exd4
43. exd4 Nd6 (43... Rf8 44. e5 fxe5 45. dxe5 Rf4 46. Nxg5 Bxg4+ 47. Ke3 Rxb4
48. Nge4 $11) 44. e5 fxe5 45. dxe5 Nc4 (45... Nf7 $5 46. Ne4 Bc8 47. Ke3 Rf8
$11) 46. Nxg5 Rh2+ $2 {Vajda is finally losing control of the situation. We
all know that pieces should play actively, but at this moment the defensive
approch was much more appropriate.} (46... Re8 $1 47. Nxe6 Rxe6 48. g5 Nxe5 49.
Ke3 Ng6+ $11) 47. Kd3 Nxe5+ (47... Rh6 48. Ke4 $16) 48. Ke4 Nxg4 49. Nxe6 {
The presence of two knights and the last pawn on the board gives Black some
chances for defence. The worst scenario would be if White could coordinate his
pieces...} Rh4 (49... Rh3 50. Kd4 Rh4 51. Kc4 Ne5+ 52. Kb3 Nd3 53. Na2 $16) 50.
Nf4 Nf2+ 51. Ke5 Ng4+ (51... Rh7 52. Rg3 $16) 52. Kd6 Ne3 $2 {The last step in
the very wrong direction, Black was probably destined to lose...} (52... Nh6 $1
53. Nce2 Nf5+ 54. Ke5 Ne3 $16) 53. Rg7+ Ka6 54. Kxc6 (54. Kxc6 Rh6+ 55. Kc7 Nc4
56. Nfd5 $18) 1-0